000 00367nam a2200109Ia 4500
008 160531s9999 xx 000 0 und d
100 _aGunstream, Stanley E.
245 _aAnatomy And Physiology With Integrated Study Guide (6th Edition)
245 _cBy:Stanley E. Gunstream
260 _c2015
856 _uhttp://file.ebook777.com/014/AnaAndPhyWitIntStuGui(6tEdi.pdf
999 _c295347
_d295347